Normal view
MARC view
Entry Personal Name
001 - CONTROL NUMBER
- control field: 29193
003 - CONTROL NUMBER IDENTIFIER
- control field: OSt
005 - DATE AND TIME OF LATEST TRANSACTION
- control field: 20250728042449.0
008 - FIXED-LENGTH DATA ELEMENTS
- fixed length control field: 250728|| aca||aabn | a|a d
040 ## - CATALOGING SOURCE
- Original cataloging agency: OSt
- Transcribing agency: OSt
100 ## - HEADING--PERSONAL NAME
- Personal name: Charandeep Singh
670 ## - SOURCE DATA FOUND
- Source citation: Work cat.: (OSt)20671: Charandeep Singh, Dalit sarokar ate sahit


